Estatísticas para Países que começam com a letra "M"

Clique aqui para jogar o quiz

Estatísticas Gerais

  • Esse quiz foi jogado 1 258 vezes
  • A pontuação média é 14 de 18

Estatísticas das Respostas

Países% Correto
MARROCOS
87%
MALI
83%
MÉXICO
83%
MACEDÔNIA
82%
MAURITÂNIA
82%
MADAGASCAR
81%
MÒNACO
81%
MONGÓLIA
80%
MALÁSIA
79%
MOLDÁVIA
79%
MALTA
78%
MOÇAMBIQUE
75%
MONTENEGRO
74%
MALAWI
72%
MALDIVAS
72%
MAURICIA
63%
MICRONÉSIA
59%
MIANMAR
57%

Distribuição das Pontuações

Percentil de Números Respondidos

Porcentagem de Pessoas com Cada Pontuação

Sua Pontuação Histórica

Você não jogou esse quiz